| 000 | 00339nab a22001097u 4500 | ||
|---|---|---|---|
| 008 | 130520b1978 xxu||||| |||| 00| 0 eng d | ||
| 041 | _aeng | ||
| 100 | 1 |
_aSharp, Ann Margaret _950234 |
|
| 245 | 0 | 0 |
_aSimone Weil on Friendship _cAnn Margaret Sharp |
| 773 | 0 |
_tPhilosophy Today _gV.22, nº4,1978,págs. 266-275 _x0031-8256 _wRev325 |
|
| 942 | _cAR | ||
| 999 |
_c303147 _d303147 |
||